UBT Library

Consumer guide to long-term care / (Record no. 42671)

000 -LEADER
fixed length control field 00751cam a22002534a 4500
001 - CONTROL NUMBER
control field 4994098
005 - DATE AND TIME OF LATEST TRANSACTION
control field 20180215073753.0
008 - FIXED-LENGTH DATA ELEMENTS--GENERAL INFORMATION
fixed length control field 990222s1999 wiu 001 0 eng
010 ## - LIBRARY OF CONGRESS CONTROL NUMBER
LC control number 99014422
020 ## - INTERNATIONAL STANDARD BOOK NUMBER
International Standard Book Number 0299164209 (cloth : alk. paper)
020 ## - INTERNATIONAL STANDARD BOOK NUMBER
International Standard Book Number 0299164241 (pbk. : alk. paper)
040 ## - CATALOGING SOURCE
Original cataloging agency DLC
Transcribing agency DLC
Modifying agency DLC
041 ## - LANGUAGE CODE
Language code of text/sound track or separate title eng
042 ## - AUTHENTICATION CODE
Authentication code pcc
080 ## - UNIVERSAL DECIMAL CLASSIFICATION NUMBER
Universal Decimal Classification number 362.16 ILM
082 00 - DEWEY DECIMAL CLASSIFICATION NUMBER
Classification number 362.16 ILM
Edition number 21
100 1# - Rafti
Rafti SOC
101 ## - Shkurtesa
Shkurtesa 50
245 10 - TITLE STATEMENT
Title Consumer guide to long-term care /
Statement of responsibility, etc Gary Ilminen.
906 ## - LOCAL DATA ELEMENT F, LDF (RLIN)
a 7
b cbc
c orignew
d 1
e ocip
f 19
g y-gencatlg
942 ## - ADDED ENTRY ELEMENTS (KOHA)
Source of classification or shelving scheme
Item type Books
Holdings
Withdrawn status Lost status Source of classification or shelving scheme Damaged status Not for loan Collection code Permanent location Current location Shelving location Date acquired Total Checkouts Full call number Barcode Date last seen Price effective from Koha item type
          Koleksioni i përgjithshem UBT - Lipjan UBT - Lipjan Koleksioni i përgjithshem 02/15/2018   362.16 ILM 002-2998516 02/15/2018 02/15/2018 Books
UBT Library © 2015-2024. All rights reserved University Education for Business and Technology